|
|
|
|
| LEADER |
00000nab a2200000uu 4500 |
| 001 |
vtls011143915 |
| 003 |
SK-MaSNL |
| 005 |
20260303130006.0 |
| 008 |
230218|2004 xo |||||||||||||||||cze| |
| 015 |
|
|
|a SNBRB
|
| 035 |
|
|
|a (urnnbn)urn:nbn:sk:snk:ar-008h8i
|
| 035 |
|
|
|a (uuid)1c56f474-330c-4141-9ee2-806af7d8291c
|
| 035 |
|
|
|a urn:nbn:sk:snk-abav24
|
| 040 |
|
|
|a SNKBUCL
|b slo
|c SNKBUCL
|e AACR2
|
| 041 |
0 |
|
|a cze
|
| 044 |
|
|
|a xo
|c SK
|
| 100 |
1 |
|
|a Libigerová, E.
|4 aut
|9 1144003
|
| 245 |
1 |
0 |
|a KBT hrou - skupinová kognitivní léčba úzkosti
|c E. Libigerová, J. Bažant
|
| 700 |
1 |
|
|a Bažant, J.
|4 aut
|9 1003123
|
| 773 |
0 |
|
|t Česká a slovenská psychiatrie : Časopis české psychiatrické společnosti a slovenskej psychiatrickej spoločnosti
|g Roč. 100, č. Supplementum 1 (2004), s. 34-39
|
| 954 |
|
|
|a odborná, vedecká literatúra cudzojazyčná (svetová)
|2 lita
|
| 958 |
|
|
|a OND
|
| 958 |
|
|
|a EUIPO
|
| 958 |
|
|
|a article14
|
| 999 |
|
|
|c 1937621
|d 1939551
|